Metallica Lyrics – #12: Ride the Lightning - Statistics

General Stats
  • This quiz has been taken 49 times
  • The average score is 114 of 157
Answer Stats
Answer % Correct
i
100%
I
100%
the
100%
The
100%
in
94%
it,
94%
it
94%
me
94%
me!
94%
to
92%
be
89%
Death
89%
death
89%
as
86%
can
86%
die!
83%
die
83%
electric
83%
God
83%
It's
83%
it's
83%
my
83%
My
83%
take
83%
This
83%
this?
83%
this
83%
you
83%
you?"
83%
air,
81%
chair
81%
from
81%
is
81%
Now
81%
see
81%
Time
81%
time
81%
but
78%
can't
78%
eyes
78%
Who
78%
before
75%
of
75%
please,
75%
right
75%
someone
75%
Someone
75%
strapped
75%
brain
72%
Burning
72%
controlling
72%
else
72%
feel
72%
Flash
72%
for
72%
Guilty
72%
help
72%
"I'll
72%
life
72%
like
72%
made
72%
say
72%
There's
72%
What
72%
with
72%
your
72%
ain't
69%
charged,
69%
damn
69%
end
69%
final
69%
happening
69%
hours
69%
Just
69%
just
69%
minutes
69%
Oh
69%
seem
69%
all
67%
away
67%
beginning
67%
don't
67%
If
64%
want
64%
am
61%
curtain
61%
get
61%
moving
61%
over
61%
slow
61%
let
58%
here?
56%
sign
56%
They're
56%
true
56%
true,
56%
trying
56%
Wait
56%
doing
53%
switch
53%
fear
50%
flame
50%
only
50%
friend
47%
call
44%
How
44%
cold
42%
chilling
39%
dream
39%
flick
39%
fingers
36%
grip
36%
watch
33%
Sweat,
31%
unfold
31%
Consciousness
28%
scream
25%
frightening
22%
by
14%
Freed
14%
horrid
11%
Wakened
11%
No matching quizzes found
Score Distribution
Percent of People with Each Score
Percentile by Number Answered
Your Score History
You have not taken this quiz